معبد تل بسطة عبر العصور المصرية القديمة

محفوظ في:

المؤلف الرئيسي: منار مصطفى محمد إسماعيل.

التنسيق: كتاب

اللغة: Undetermined

منشور في: Cairo : , 2008.

الوسوم: إضافة وسم

لا توجد وسوم, كن أول من يضع وسما على هذه التسجيلة!

رقم الطلب: DT73 .B8 I75

LEADER 00444nam a2200133Ia 4500
008 240329s9999||||xx |||||||||||||| ||und||
020 |a 9772373351 
050 4 |a DT73 .B8 I75 
100 1 |a منار مصطفى محمد إسماعيل. 
245 1 0 |a معبد تل بسطة عبر العصور المصرية القديمة  |c منار مصطفى محمد إسماعيل 
264 1 |a Cairo :  |b ,  |c 2008. 
300 |a 205  |c 24 cm 
942 |2 lcc  |c BK 
999 |c 57609  |d 57609